HR through case studies / (Record no. 86251)

MARC details
000 -LEADER
fixed length control field 00544nam a22001937a 4500
005 - DATE AND TIME OF LATEST TRANSACTION
control field 20140811151908.0
010 ## - LCCN (DPL NO)
LC control number ENG-110323
020 ## - INTERNATIONAL STANDARD BOOK NUMBER
International Standard Book Number 9789350623176
Terms of availability 295.00
035 ## - SYSTEM CONTROL NUMBER
System control number EN-93855
037 ## - SOURCE OF ACQUISITION
Source of stock number/acquisition DBAD/PUB
082 ## - DEWEY DECIMAL CLASSIFICATION NUMBER
Classification number 658.300954
100 ## - MAIN ENTRY--PERSONAL NAME
Personal name Dharmarao, Ravi
245 ## - TITLE STATEMENT
Title HR through case studies /
Statement of responsibility, etc by Ravi Dharmarao
250 ## - EDITION STATEMENT
Edition statement 2nd ed
260 ## - PUBLICATION, DISTRIBUTION, ETC. (IMPRINT)
Place of publication, distribution, etc New Delhi
Name of publisher, distributor, etc Excel Books
Date of publication, distribution, etc 2013
270 ## - ADDRESS
Address A-45, Naraina, Phase I
City New Delhi
Postal code 110028
300 ## - PHYSICAL DESCRIPTION
Extent xix,193p.
Dimensions 24cm(pbk)
942 ## - ADDED ENTRY ELEMENTS (KOHA)
Source of classification or shelving scheme Dewey Decimal Classification
Item type English Books
Call number suffix DHA
Classification part 658.300954
Holdings
Withdrawn status Lost status Not for loan Collection code Home library Current library Date acquired Source of acquisition Cost, normal purchase price Full call number Barcode Copy number Cost, replacement price Koha item type
    Not For Loan Non-fiction D.B.Act.Division D.B.Act.Division 02/07/2014 DBAD/PUB 295.00 658.300954 DHA EN-93855 1 295.00 English Books

© Delhi Public Library
Hit Counter
free hit counter